000 00548nam a2200193 a 4500
001 6305
003 CO-ViMGA
008 141112s2004 ck r 000 u spa d
040 _aCO-ViMGA
_bspa
_cCO-ViMGA
082 0 4 _a668.6 L451
100 1 _aLiƱan Vicente, Carlos
_95002
245 1 0 _aVademecum de productos fitosanitarios y nutricionales
250 _a13a
260 _aMadrid :
_bProbelte,
_c1997
300 _a604 p : il
650 1 4 _aPRODUCTOS FITOSANITARIOS
_95003
650 1 4 _aPRODUCTOS QUIMICOS PARA AGRICULTURA
_95004
942 _2ddc
_cBK
999 _c18276
_d18276